Zufällige F1 Fahrer Bilderquiz Teil 3 - Statistiken

Allgemein
  • Dieses Quiz wurde 46 mal gespielt
  • Das Durchschnittsergebnis liegt bei 5 aus 8
Antwortstatistiken
Bildquiz Antwort % Korrekt
Magnussen
96%
Ricciardo
93%
Schumacher
91%
Prost
87%
Kvyat
67%
Piquet
51%
Farina
40%
Andretti
20%
Keine übereinstimmenden Quizze gefunden
Verteilung der Resultate
Anzahl Personen mit jedem Resultat
Perzentil nach korrekt beantworteten Fragen
Ihre Resultats-Entwicklung
Sie haben dieses Quiz noch nicht gespielt